000 00727nam a2200253Ia 4500
003 OSt
005 20220925204919.0
006 a|||||r|||| 00| 0
007 ta
008 220923b |||||||| |||| 00| 0 eng d
037 _cGeneral Book
040 _aRTL
_cRTL
_beng
041 _2eng
_aeng
082 _aY:3(P), L7
100 _aGrayshon Matthew C
_967283
245 0 _aTowards a social grammer of language
260 _aHague
_bMouton
_c1977
300 _a143p
_ccm.
490 _aContributions to the Sociology of Language.18
500 _aBibliography P 132-39
650 _aSociology of Language
_9231513
942 _hY:3(P), L7
_cGB
_2CC
999 _c550781
_d550781